ნორმალური ფორმატი
MARC ფორმატი
ჩანაწერი Corporate Name
ჩანაწერთა რაოდენობა, რომელიც გამოყენებულია: 1
001 - CONTROL NUMBER
- control field: 20429
003 - CONTROL NUMBER IDENTIFIER
- control field: GE_BSU
005 - DATE AND TIME OF LATEST TRANSACTION
- control field: 20231117164132.0
008 - FIXED-LENGTH DATA ELEMENTS
- fixed length control field: 231117|| aca||aabn | a|a d
040 ## - CATALOGING SOURCE
- Original cataloging agency: GE_BSU
- Transcribing agency: GE_BSU
110 ## - HEADING--CORPORATE NAME
- Corporate name or jurisdiction name as entry element: Академия наук СССР
- Date of meeting or treaty signing: Ленинградское отделение Института истории.
670 ## - SOURCE DATA FOUND
- Source citation: Work cat.: (GE_BSU): Сергеенко, М.Е. 20428, Ремесленники Древнего Рима :
